000 00666nam a2200193 i 4500
001 31156
003 ES-MaACL
005 20230906154327.0
007 t|
008 030128s1963 sp ||||1| spa d
100 1 _aBeals, Ralph León.
_926776
245 1 0 _aIntroducción a la antropología /
_cRalph León Beals y Harry Hoijer ; con la colaboración de Virginia More Roediger ; traducción de Juan Martín.
260 _aMadrid :
_bAguilar Orbe,
_c[1963]
300 _aXXIV, 716 p. :
_bil. ;
_c21 cm.
700 1 _aHoijer, Harry.
_963988
700 1 _aRoediger, Virginia More.
_998898
700 1 _aMartín, Juan.
_977330
852 _aES-MaACL
_jC-23655
_bR.52308
999 _c31156
_d31156